[Event "DSOL 08 Liga Gr-B 1st"]
[Site "Playchess.com INT"]
[Date "2020.07.10"]
[Round "3.1"]
[White "Kuehne, Malin"]
[Black "Schrepp, Sebastian"]
[Result "0-1"]
[WhiteElo "871"]
[BlackElo "1324"]
[PlyCount "106"]
[EventDate "2020.06.22"]
[EventType "team-tourn (rapid)"]
[EventCountry "GER"]
[SourceTitle "EXT 2021"]
[Source "ChessBase"]
[SourceDate "2020.10.23"]
[SourceVersion "1"]
[SourceVersionDate "2020.10.23"]
[SourceQuality "1"]
[WhiteTeam "Paderborn Blauer Springer VI"]
[BlackTeam "Ketsch III"]
[WhiteTeamCountry "GER"]
[BlackTeamCountry "GER"]

1. e4 c5 2. Nf3 e6 3. Nc3 Nc6 4. Bc4 a6 5. d3 b5 6. Bb3 Bb7 7. a4 b4 8. Ne2 Qc7 9. Bf4 e5 10. Bg3 Be7 11. 0-0 Nf6 12. h3 0-0 13. Qd2 d6 14. c4 bxc3 15. Qxc3 Qa5 16. Bh4 Qd8 17. Ng5 h6 18. Nf3 Nxe4 19. Bxe7 Nxc3 20. Bxd8 Nxe2+ 21. Kh1 Rfxd8 22. Rfe1 Ned4 23. Bd1 Nxf3 24. Bxf3 Rab8 25. Rab1 Nb4 26. Be2 Nc2 27. Rec1 Nd4 28. Bg4 f5 29. Bd1 a5 30. Rc4 Bd5 31. Rc3 Bb3 32. Bxb3+ Rxb3 33. Rxb3 Nxb3 34. Re1 Rb8 35. Re2 Nd4 36. Rd2 Rb3 37. Kg1 e4 38. dxe4 fxe4 39. Kf1 Rd3 40. Rxd3 exd3 41. Ke1 Nb3 42. Kd1 Kf7 43. Ke1 d5 44. Kd1 d4 45. f3 c4 46. Ke1 c3 47. bxc3 dxc3 48. Kd1 c2+ 49. Ke1 d2+ 50. Ke2 d1Q+ 51. Ke3 c1Q+ 52. Ke4 Qd4+ 53. Kf5 Qcf4# 0-1

[Event "DSOL 08 Liga Gr-B 1st"]
[Site "Playchess.com INT"]
[Date "2020.07.07"]
[Round "1.1"]
[White "Friedel, Thomas"]
[Black "Schrepp, Sebastian"]
[Result "0-1"]
[WhiteElo "1467"]
[BlackElo "1324"]
[PlyCount "84"]
[EventDate "2020.06.22"]
[EventType "team-tourn (rapid)"]
[EventCountry "GER"]
[SourceTitle "EXT 2021"]
[Source "ChessBase"]
[SourceDate "2020.10.23"]
[SourceVersion "1"]
[SourceVersionDate "2020.10.23"]
[SourceQuality "1"]
[WhiteTeam "Gross Gerau II"]
[BlackTeam "Ketsch III"]
[WhiteTeamCountry "GER"]
[BlackTeamCountry "GER"]

1. e4 c5 2. Nf3 e6 3. Bb5 a6 4. Bc4 b5 5. Be2 Bb7 6. d3 Nc6 7. b3 d5 8. Nbd2 Qf6 9. Rb1 Qd8 10. Bb2 d4 11. 0-0 Bd6 12. c3 e5 13. c4 b4 14. Re1 Nf6 15. Nf1 0-0 16. Ng3 Bc8 17. Bc1 Ne7 18. Bg5 Ng6 19. Nh5 Be7 20. Ng3 h6 21. Bd2 Bd7 22. Nf5 a5 23. Qc1 Nh7 24. g3 Bg5 25. Nxg5 Nxg5 26. h4 Nh7 27. Kg2 Ne7 28. Nxg7 Kxg7 29. Bxh6+ Kg8 30. Bxf8 Qxf8 31. f4 exf4 32. Qxf4 Ng6 33. Qc7 Qc8 34. Qd6 Qc6 35. Qxc6 Bxc6 36. Bh5 Ne5 37. Be2 Nf6 38. Rf1 Nxe4 39. dxe4 Bxe4+ 40. Bf3 Nxf3 41. Rxf3 Bxb1 42. Rf2 a4 0-1